• 首页
  • 本馆介绍
  • 公告通知
  • 最新文献
  • 馆藏检索
  • 电子资源
  • 读者导购
  • 参考咨询
  • 我的图书馆
  • 登录
  • 详细信息显示
  • 放入我的书架
  • 预约/预借图书
  • 作者相关作品
  • 分类相关作品
  • 丛书相关作品
  • 出版社相关作品

书目信息

  • 表格格式
  • 工作单格式
  • 卡片格式
题名:
市场经济与教育改革
    
 
作者: ;市场经济与教育改革国际研讨会 ;国家教育发展研究中心 , 中国联合国教科文组织全国委员会 编
分册:  
出版信息: 南宁   广西教育出版社  1996
页数: 425页
开本: 21cm
丛书名:
单 册:
中图分类: G511-532 , G4
科图分类:
主题词: 市场经济--影响--教育事业--研究--会议录 , 教育
电子资源:
ISBN: 7-5435-2381-7
000 00976nam0 2200253 450
001 1569109454
005 20151110141153.09
010    @a7-5435-2381-7@dCNY15.00
100    @a20130219d1996 km y0chiy0121 ea
101 1  @achi@cund
102    @aCN@b450000
105    @aak ao 100yy
200 1  @a市场经济与教育改革@9shi chang jing ji yu jiao yu gai ge@e94国际研讨会论文集@f国家教育发展研究中心,中国教科文组织全委会编
210    @a南宁@c广西教育出版社@d1996
215    @a425页@c图@d21cm
606 0  @a市场经济@x影响@x教育事业@x研究@j会议录
606 0  @a教育
690    @aG511-532@v5
690    @aG4@v4
711 12 @a市场经济与教育改革国际研讨会@9shi chang jing ji yu jiao yu gai ge guo ji yan tao hui@f(1994 :@e北京市)
712 02 @a国家教育发展研究中心@9Guo jia jiao yu fa zhan yan jiu zhong xin@4编
712 02 @a中国联合国教科文组织全国委员会@9Zhongguo lian he guo jiao ke wen zu zhi quan guo wei yuan hui@4编
801  0 @aCN@bTSSF@c20150204
905    @aZUCC@dG4@eJY369
    
    市场经济与教育改革:94国际研讨会论文集/国家教育发展研究中心,中国教科文组织全委会编.-南宁:广西教育出版社,1996
    425页:图;21cm
    
    
    ISBN 7-5435-2381-7:CNY15.00
    
●
相关链接 在E读中查询图书 在五车中查询图书 在当当中查询图书 在豆瓣中查询图书


正题名:市场经济与教育改革     索取号:G4/JY369         预约/预借

序号 登录号 条形码 馆藏地/架位号 状态 备注
1 7865545   278655457   学院路分馆/ [索取号:G4/JY369] 在馆    
唐山师范学院图书馆 欢迎您!
大连网信软件有限公司© 版权所有